00233nam a2200097Ia 4500008004100000041000800041082001400049100001900063245004400082260000900126240625s9999 xx 000 0 und d aeng a659.1 BEL aBELCH GEORGE E aADVERTISING AND PROMOTION AN INTEGRATED c2013